000 00275nam a22001217a 4500
008 180517b xxu||||| |||| 00| 0 eng d
041 _aeng
080 _a043.3
100 _a0
101 _aMBE-BA
245 _aKostot e Bazuara ne Veprimtari
_cKrasniqi, L
942 _2udc
_cBK
999 _c45899
_d45899